000 01302nam a22003137a 4500
001 20
003 OSt
005 20250528074009.0
008 250121b |||||||j |||| 00| 1 eng d
020 _a0532153073
040 _bpor
041 _heng
_apor
082 _a823
_bA437p
100 1 _aAllingham, Margery,
_d1904-1966.
_941
240 _aBlack Plumes
245 _aPlumas Negras /
_cAllingham, Margery ; Tradução de Monica Pecegueiro do Amaral
260 _aRio de Janeiro
_bJosé Olympio
_c1986
300 _a184 p.
520 _aEram 4h 15 min, quando o office boy entrou no escritório levando o chá que Lucar havia pedido. Já estava bem perto da mesa, mas, ao vê-lo, a bandeja escorregou-lhe das mãos... Lucar estava morto. Ainda tinha aquele ar presunçoso, mas havia uma ferida aberta no coração causado por uma lâmina entre as costelas. Amorte de Lucar foi exatamente igual à de Robert Madrigal: instantânea e silenciosa. E mais uma vez não havia sinal da arma.
650 0 _aLiteratura Inglesa
_989
650 0 _aRomance Policial
_911
650 0 _aCrime e Investigação
_913
650 0 _aMistério
_942
650 0 _aSuspense
_910
655 0 _aRomance
_923
655 0 _aFicção
_922
700 _aMônica Pecegueiro do Amaral
_eTradutor
_943
942 _2ddc
_n0
_cBK
999 _c20
_d20